K problematice dělby přepravní práce a její koordinace v současnosti.

Rozlíšenie deľby prepravnej práce medzi jednotlivými druhmi dopravy a vnútri jednotlivých druhov dopravy. Koordinačné sporné prepravy. Rozbor a výpočet nákladov prepravnej práce. Metodika stanovenia hraničnej vzdialenosti. Príklad deľby prepravnej práce. Typy prepravy.

Na minha lista:
Detalhes bibliográficos
Autor principal: Eisler, Jan
Outros Autores: Pašková, B.
Formato: Capítulo de Livro
Idioma:tcheco
Assuntos:
Tags: Adicionar Tag
Sem tags, seja o primeiro a adicionar uma tag!

MARC

LEADER 00000naa a2200000 4500
001 r001539
005 20220819180841.0
041 0 |a cze 
044 |a [CS] 
245 1 0 |a K problematice dělby přepravní práce a její koordinace v současnosti.  |c Jan Eisler, B. Pašková 
520 |a Rozlíšenie deľby prepravnej práce medzi jednotlivými druhmi dopravy a vnútri jednotlivých druhov dopravy. Koordinačné sporné prepravy. Rozbor a výpočet nákladov prepravnej práce. Metodika stanovenia hraničnej vzdialenosti. Príklad deľby prepravnej práce. Typy prepravy. 
610 2 0 |a doprava 
610 2 0 |a deľba práce 
610 2 0 |a riadenie 
610 2 0 |a náklady dopravné 
610 2 0 |a preprava 
610 2 0 |a racionalizácia 
610 2 0 |a doprava cestná 
610 2 0 |a doprava železničná 
610 2 0 |a modely 
610 2 0 |a grafy 
100 1 |a Eisler, Jan 
700 1 |a Pašková, B.